| 000 | 00612nam a2200205 i 4500 | ||
|---|---|---|---|
| 001 | 42111 | ||
| 003 | ES-MaACL | ||
| 005 | 20230906160541.0 | ||
| 007 | t| | ||
| 008 | 030312s1977 sp ||||1| spa d | ||
| 100 | 1 |
_aCastaneda, Carlos. _936394 |
|
| 245 | 1 | 0 |
_aCastaneda a examen / _cTheodore Roszak, Joyce Carol Oates, Joseph Chilton Pearce. |
| 250 | _a1ยช ed. | ||
| 260 |
_a[Barcelona] : _bKairos, _c[1977] |
||
| 300 |
_a260 p. ; _c20 cm. |
||
| 700 | 1 |
_aRoszak, Theodore. _999931 |
|
| 700 | 1 |
_aOates, Joyce Carol. _986376 |
|
| 700 | 1 |
_aChilton Pearce, Joseph. _938521 |
|
| 852 |
_aES-MaACL _jA-7648 _bR.96616 |
||
| 999 |
_c42111 _d42111 |
||